[Event "GRE-ch U16 Girls"]
[Site "Achaia"]
[Date "2017.06.29"]
[Round "6"]
[White "Kavourinou, Polixeni"]
[Black "Gourgari, Marianna"]
[Result "1-0"]
[WhiteElo "1059"]
[BlackElo "1603"]
[PlyCount "85"]
[EventDate "2017.06.26"]
[EventType "swiss"]
[EventRounds "9"]
[EventCountry "GRE"]
[SourceTitle "CBM 179 Extra"]
[Source "ChessBase"]
[SourceDate "2017.08.23"]
[SourceVersion "1"]
[SourceVersionDate "2017.08.23"]
[SourceQuality "1"]

1. d4 d5 2. c4 c6 3. Nf3 dxc4 4. a4 e6 5. e3 b5 6. axb5 cxb5 7. Bd2 a5 8. b3 b4 9. Bxc4 Nf6 10. 0-0 Bb7 11. Ne5 Bd6 12. Bb5+ Nbd7 13. Nxd7 Nxd7 14. Be1 0-0 15. Bxd7 Qxd7 16. Nd2 Rfc8 17. Nc4 Qc6 18. f3 Bc7 19. Rf2 Qb5 20. Rfa2 Bd5 21. Qe2 a4 22. Rxa4 Rxa4 23. Rxa4 Bxc4 24. Qxc4 Bxh2+ 25. Kxh2 Qb8+ 26. Bg3 Rxc4 27. Bxb8 Rc3 28. Bd6 g6 29. e4 Rxb3 30. Rxb4 Rxb4 31. Bxb4 f5 32. d5 fxe4 33. fxe4 exd5 34. exd5 Kf7 35. d6 Ke6 36. g3 h6 37. Kg2 Kd7 38. Kf3 Ke6 39. Kg4 Kd7 40. Kf4 Ke6 41. Ke4 g5 42. g4 Kd7 43. Kf5 1-0

[Event "GRE-ch U16 Girls"]
[Site "Achaia"]
[Date "2017.06.27"]
[Round "3"]
[White "Kouta, Vasiliki"]
[Black "Gourgari, Marianna"]
[Result "1-0"]
[WhiteElo "1422"]
[BlackElo "1603"]
[PlyCount "58"]
[EventDate "2017.06.26"]
[EventType "swiss"]
[EventRounds "9"]
[EventCountry "GRE"]
[SourceTitle "CBM 179 Extra"]
[Source "ChessBase"]
[SourceDate "2017.08.23"]
[SourceVersion "1"]
[SourceVersionDate "2017.08.23"]
[SourceQuality "1"]

1. e4 c5 2. Nf3 Nc6 3. Bb5 d6 4. 0-0 Bd7 5. d3 Nf6 6. h3 e6 7. Nc3 Be7 8. Bd2 a6 9. Bxc6 Bxc6 10. Ne2 0-0 11. Ng3 Qc7 12. Qe2 Rac8 13. Bc3 b5 14. a3 Qb7 15. Rfe1 d5 16. Bxf6 Bxf6 17. e5 Be7 18. d4 cxd4 19. Nxd4 Bd7 20. c3 a5 21. Rec1 b4 22. axb4 axb4 23. c4 dxc4 24. Rxc4 Bc5 25. Ne4 Bxd4 26. Rxd4 Bc6 27. Nd6 Qb6 28. Nxc8 Qc5 29. Qe3 Bd5 1-0